Catálogo

Humanismo del otro hombre / (Registro nro. 46521)

Detalles MARC
000 -LEADER
fixed length control field 01508cam a2200385 i 4500
001 - CONTROL NUMBER
control field 46521
003 - CONTROL NUMBER IDENTIFIER
control field Mx-PuUPA
005 - DATE AND TIME OF LATEST TRANSACTION
control field 20250804124253.0
008 - FIXED-LENGTH DATA ELEMENTS--GENERAL INFORMATION
fixed length control field 140415s2006 mx gr 001 0 spa d
020 ## - INTERNATIONAL STANDARD BOOK NUMBER
International Standard Book Number 9682318505
040 ## - CATALOGING SOURCE
Original cataloging agency Mx-PuUPA
Language of cataloging spa
Transcribing agency Mx-PuUPA
Modifying agency Mx-PuUPA
Description conventions rda
041 1# - LANGUAGE CODE
Language code of text/sound track or separate title spa
Language code of original fre
100 1# - MAIN ENTRY--PERSONAL NAME
Personal name Lévinas, Emmanuel,
Dates associated with a name 1906-1995
9 (RLIN) 6593
Relator term autor
240 10 - UNIFORM TITLE
Uniform title Humanisme de l'autre homme.
Language of a work Español
245 10 - TITLE STATEMENT
Title Humanismo del otro hombre /
Statement of responsibility, etc. Emmanuel Levinas ; traducción de Daniel Enrique Guillot ; edición al cuidado de Ricardo Ehrenberg
250 ## - EDITION STATEMENT
Edition statement Cuarta edición /
Remainder of edition statement en español
264 #1 - PRODUCTION, PUBLICATION, DISTRIBUTION, MANUFACTURE, AND COPYRIGHT NOTICE
Place of production, publication, distribution, manufacture México, D.F. :
Name of producer, publisher, distributor, manufacturer Siglo XXI editores,
Date of production, publication, distribution, manufacture, or copyright notice 2003
300 ## - PHYSICAL DESCRIPTION
Extent viii, 136 páginas ;
Dimensions 18 cm
336 ## - CONTENT TYPE
Fuente rdacontent
Content type term texto
Content type code txt
337 ## - MEDIA TYPE
Source rdamedia
Media type term sin medio
Media type code n
338 ## - CARRIER TYPE
Source rdacarrier
Carrier type term volumen
Carrier type code nc
490 0# - SERIES STATEMENT
Series statement Filosofía
500 ## - GENERAL NOTE
General note El ítem 47027 contiene la leyenda "Sexta edición en español, 2006". Debe ser "Reimpresión".
650 #7 - SUBJECT ADDED ENTRY--TOPICAL TERM
Source of heading or term armarc
Topical term or geographic name entry element Humanismo
650 #7 - SUBJECT ADDED ENTRY--TOPICAL TERM
Source of heading or term armarc
Topical term or geographic name entry element Antropología filosófica
650 #7 - SUBJECT ADDED ENTRY--TOPICAL TERM
Source of heading or term armarc
Topical term or geographic name entry element Intersubjetividad
650 #7 - SUBJECT ADDED ENTRY--TOPICAL TERM
Source of heading or term armarc
Topical term or geographic name entry element Significado (Filosofía)
700 1# - ADDED ENTRY--PERSONAL NAME
Personal name Guillot, Daniel Enrigue
Relator term traductor
700 1# - ADDED ENTRY--PERSONAL NAME
Personal name Ehrenberg, Ricardo,
Relator term editor
765 0# - ORIGINAL LANGUAGE ENTRY
Main entry heading Levinas, Emmanuel
Title Humanisme de l'autre homme
Place, publisher, and date of publication Montpellier: Fata Morgana, 1972
942 ## - ADDED ENTRY ELEMENTS (KOHA)
Source of classification or shelving scheme Dewey Decimal Classification
Koha item type Libro
Classification part 144
Item part L6518
Existencias
Withdrawn status Lost status Source of classification or shelving scheme Damaged status Not for loan Collection code Home library Current library Shelving location Date acquired Source of acquisition Cost, normal purchase price Total Checkouts Full call number Barcode Date last seen Copy number Price effective from Koha item type Total Renewals Date last checked out
    Dewey Decimal Classification     General Biblioteca Karol Wojtyla Biblioteca Karol Wojtyla Sala general 03/12/2013 Donación 0.00   144 L6518 2003 47027 05/01/2026 Ej. 2 03/12/2013 Libro    
    Dewey Decimal Classification     General Biblioteca Karol Wojtyla Biblioteca Karol Wojtyla Sala general 03/12/2013 Compra   5 144 L6518 2003 69759 05/01/2026   03/12/2013 Libro 1 08/11/2022